00588 2200193 4500001002100000005001500021035002000036007000300056008004100059082001200100084001800112100001200130245005900142260003500201300004200236520008400278600001600362990001600378INLIS00000000000054720211112085302 a0010-0921000019ta211112 b 1 ind  a297.246 a297.246 WAH k0 aWahyu.W1 aKisah Teladan 25 Nabi sulaiman alaihi salam /cWahyu.W aJakarta :bPustaka Sandro Jaya a24 Halaman :bIlustrasi ;c19 x 19 cm aSebagai umat manusia, kita di wajibkan untuk beriman kepada para nabi dan rasul 4aAgama Islam a00000001623